[Event "Ostravský koník 2014 - MÈR"]
[Site "Ostrava, CZE"]
[Date "2014.04.26"]
[Round "1"]
[White "Bureš, Martin"]
[Black "Hausner, Ivan"]
[Result "0-1"]
[WhiteElo "2156"]
[BlackElo "2370"]
[PlyCount "132"]

1. Nf3 e6 2. c4 c5 3. e3 Nf6 4. d4 d5 5. a3 Nc6 6. dxc5 Bxc5 7. b4 Be7 8. Bb2
O-O 9. Nbd2 Re8 10. Rc1 a6 11. Bd3 dxc4 12. Bxc4 b5 13. Be2 Bb7 14. O-O Qb6 15.
Qb3 Red8 16. Rfd1 Nd5 17. Nd4 Bf6 18. Nxc6 Bxc6 19. Bxf6 Nxf6 20. Bf3 Rac8 21.
Bxc6 Rxc6 22. Rxc6 Qxc6 23. Ne4 Rxd1+ 24. Qxd1 Nd5 25. Nc5 h6 26. h3 f5 27. Qd4
Kf7 28. Nd3 Qc3 29. Ne5+ Ke8 30. Qxc3 Nxc3 31. Nd3 Nb1 32. Nc5 Nxa3 33. Nxe6
Kf7 34. Nc5 Ke7 35. Kf1 Kd6 36. Ke2 Kd5 37. Nxa6 Kc4 38. Kd2 Nb1+ 39. Kc2 Nc3
40. f3 Nd5 41. Kd2 Nxb4 42. Nc7 Nc6 43. Ne6 g6 44. Nf8 Ne7 45. g4 b4 46. gxf5
gxf5 47. Nd7 b3 48. Ne5+ Kb4 49. Nd3+ Ka3 50. e4 fxe4 51. fxe4 Nc6 52. Kc3 Nd8
53. e5 Ne6 54. Kc4 Nf4 55. Nxf4 b2 56. Nd3 b1=Q 57. Kd4 Qg1+ 58. Kd5 Qg2+ 59.
Kd4 Qxh3 60. Nc5 Kb4 61. Ne4 Qe6 62. Nd6 h5 63. Ke4 h4 64. Nf5 h3 65. Nd4 Qg4+
66. Kd5 h2 0-1

[Event "Ostravský koník 2014 - MÈR"]
[Site "Ostrava, CZE"]
[Date "2014.04.26"]
[Round "1"]
[White "Kriebel, Tadeáš"]
[Black "Oèkay, Tomáš"]
[Result "1-0"]
[WhiteElo "2366"]
[BlackElo "2154"]
[PlyCount "137"]

1. e4 c6 2. d4 d5 3. Nc3 dxe4 4. Nxe4 Nd7 5. Ng5 Ngf6 6. Bd3 h6 7. Ne6 Qb6 8.
Nf3 c5 9. Nxc5 Nxc5 10. dxc5 Qxc5 11. O-O Bd7 12. Qe2 e6 13. Ne5 a6 14. Bf4 Bd6
15. Rfd1 Bxe5 16. Bxe5 Bc6 17. c4 Rd8 18. h3 a5 19. Bf4 O-O 20. Qe3 Qxe3 21.
Bxe3 Nd7 22. Be2 e5 23. Rd6 Nf6 24. Rad1 Rxd6 25. Rxd6 Ne4 26. Rd1 a4 27. a3
Rc8 28. Kf1 Kf8 29. Bb6 g6 30. h4 h5 31. Ke1 Ke7 32. g3 Ke6 33. Rd8 Rxd8 34.
Bxd8 Nc5 35. Kd2 f5 36. Bb6 Kd6 37. Kc3 Na6 38. Bd1 Nc5 39. Bc2 Na6 40. Be3 Bd7
41. Bh6 b6 42. f4 e4 43. Bf8+ Ke6 44. Kd4 Bc6 45. Bd1 Kf7 46. Bd6 Ke6 47. Bf8
Kf7 48. Bh6 Ke6 49. Be2 Nc7 50. Bf8 Na6 51. c5 Nxc5 52. Bxc5 bxc5+ 53. Kxc5 Be8
54. Bd1 Bd7 55. b4 axb3 56. Bxb3+ Ke7 57. Bd1 Bc8 58. a4 Ba6 59. Kd4 Kd6 60.
Bb3 Kc6 61. Bf7 Be2 62. Bxg6 Bg4 63. Bf7 Kb6 64. Bd5 Bd1 65. Be6 Bg4 66. Bd7
Bh3 67. Bb5 Bg4 68. Ke3 Kc5 69. Be2 1-0

[Event "Ostravský koník 2014 - MÈR"]
[Site "Ostrava, CZE"]
[Date "2014.04.26"]
[Round "1"]
[White "Pacl, Václav"]
[Black "Lechtýnský, Jiøí"]
[Result "0-1"]
[WhiteElo "2150"]
[BlackElo "2365"]
[PlyCount "54"]

1. d4 Nf6 2. Bg5 Ne4 3. Bf4 c5 4. f3 Qa5+ 5. c3 Nf6 6. Nd2 cxd4 7. Nb3 Qb6 8.
Qxd4 Nc6 9. Qxb6 axb6 10. e4 d5 11. exd5 Nxd5 12. Bd2 e5 13. Bd3 Be6 14. Bc2 g6
15. Ne2 Bg7 16. O-O f5 17. a3 O-O-O 18. Rad1 Rd7 19. Nbc1 Bf6 20. c4 Nc7 21.
Be3 Rhd8 22. Bxb6 Rd2 23. Rxd2 Rxd2 24. Bd3 Rxb2 25. Be3 Na5 26. Nc3 Nxc4 27.
Bf2 e4 0-1

[Event "Ostravský koník 2014 - MÈR"]
[Site "Ostrava, CZE"]
[Date "2014.04.26"]
[Round "1"]
[White "Freisler, Pavel"]
[Black "Chleviš�an, Jakub"]
[Result "1-0"]
[WhiteElo "2357"]
[BlackElo "2142"]
[PlyCount "65"]

1. Nf3 c5 2. c4 Nf6 3. Nc3 e6 4. g3 b6 5. Bg2 Bb7 6. O-O Be7 7. d4 cxd4 8. Qxd4
Nc6 9. Qf4 O-O 10. e4 d6 11. b3 Qb8 12. Bb2 Rd8 13. Rad1 a6 14. Rfe1 b5 15.
cxb5 axb5 16. Nxb5 Rxa2 17. Bxf6 Bxf6 18. Rxd6 e5 19. Rxd8+ Bxd8 20. Qc1 Bb6
21. Rf1 Qa8 22. Nc3 Ra3 23. Nd5 Bd8 24. b4 Qa4 25. b5 Nd4 26. Nxd4 exd4 27. Qc5
d3 28. Qd6 Qa8 29. e5 d2 30. e6 Ra1 31. e7 Bxe7 32. Nxe7+ Kh8 33. Qxd2 1-0

[Event "Ostravský koník 2014 - MÈR"]
[Site "Ostrava, CZE"]
[Date "2014.04.26"]
[Round "1"]
[White "Židek, Václav"]
[Black "Michenka, Jozef"]
[Result "1/2-1/2"]
[WhiteElo "2135"]
[BlackElo "2353"]
[PlyCount "107"]

1. d4 Nf6 2. c4 e6 3. Nc3 Bb4 4. f3 d5 5. a3 Be7 6. e4 dxe4 7. fxe4 e5 8. d5
O-O 9. Nf3 Bg4 10. h3 Bxf3 11. Qxf3 a5 12. Be3 Nbd7 13. Be2 Bc5 14. O-O Qe7 15.
Na4 Bxe3+ 16. Qxe3 b6 17. Rfd1 Rab8 18. Rab1 Nc5 19. Nc3 a4 20. Bd3 Ne8 21. Bc2
Ra8 22. Rf1 Nd6 23. Qe2 Ra5 24. Rf3 Qh4 25. Kh2 f6 26. Rg3 Qh6 27. Rf1 Kh8 28.
Na2 Raa8 29. Nb4 Rae8 30. Na2 Ra8 31. Rf2 g6 32. Rgf3 g5 33. Nc3 Qg6 34. Rf1 h5
35. Re3 Kg7 36. Ref3 Rf7 37. Re3 Rff8 38. Ref3 Rf7 39. Re3 h4 40. Ref3 Kg8 41.
Re3 Rg7 42. Bd1 Kh8 43. Rf2 Qh6 44. Kh1 Rg6 45. Rf1 Qg7 46. Ref3 Rh6 47. R3f2
Kg8 48. Re1 Qe7 49. Qf1 Kg7 50. Re3 Rg6 51. Bh5 Rh6 52. Bd1 Rg6 53. Bh5 Rh6 54.
Bd1 1/2-1/2

[Event "Ostravský koník 2014 - MÈR"]
[Site "Ostrava, CZE"]
[Date "2014.04.26"]
[Round "1"]
[White "Doležal, Radoslav"]
[Black "Karhánek, Pavel"]
[Result "1-0"]
[WhiteElo "2344"]
[BlackElo "2130"]
[PlyCount "99"]

1. d4 d5 2. Nf3 Nf6 3. c4 c6 4. Qb3 e6 5. Nc3 a6 6. Bf4 Be7 7. e3 O-O 8. Rd1
Qa5 9. c5 Nbd7 10. Qa4 Qd8 11. h3 b5 12. Qb3 Ne4 13. Bd3 Ng5 14. Bxg5 Bxg5 15.
Qc2 h6 16. e4 Be7 17. O-O b4 18. Na4 a5 19. Qe2 dxe4 20. Qxe4 Nf6 21. Qe2 Nd5
22. g3 Bf6 23. Rfe1 Qc7 24. Qe4 g6 25. h4 h5 26. Nd2 Ba6 27. Bxa6 Rxa6 28. Nc4
Raa8 29. Rd3 Rad8 30. Nab6 Qa7 31. Red1 Bg7 32. a3 Qa6 33. a4 Rfe8 34. Qf3 Rf8
35. Nxd5 exd5 36. Nd6 Rd7 37. Re3 Bh6 38. Re2 Qa8 39. Rde1 Qa7 40. Re8 Qc7 41.
Qf6 Kh7 42. Rxf8 Bxf8 43. Re8 Bg7 44. Qf4 Qa7 45. b3 f5 46. Qe3 Bf6 47. Qe6 Bg7
48. Qg8+ Kh6 49. Nxf5+ gxf5 50. Re6+ 1-0

[Event "Ostravský koník 2014 - MÈR"]
[Site "Ostrava, CZE"]
[Date "2014.04.26"]
[Round "1"]
[White "Šplíchal, Stanislav"]
[Black "Svoboda, Svatopluk"]
[Result "0-1"]
[WhiteElo "2125"]
[BlackElo "2334"]
[PlyCount "110"]

1. d4 Nf6 2. Nf3 g6 3. g3 Bg7 4. Bg2 d5 5. O-O O-O 6. c4 dxc4 7. Na3 c3 8. bxc3
c5 9. e3 Nc6 10. Bb2 Qb6 11. Qe2 Bf5 12. Rfd1 Rfd8 13. Nc4 Qa6 14. a4 Rac8 15.
Bf1 Na5 16. Nxa5 Qxa5 17. Qb5 Qc7 18. dxc5 Bg4 19. Rxd8+ Rxd8 20. Nd4 Bd7 21.
Qb3 Ne4 22. Bg2 Nxc5 23. Qc4 Qb6 24. Ba3 Rc8 25. Qd5 Be8 26. Bxc5 Rxc5 27. Qxb7
Qxb7 28. Bxb7 Rxc3 29. a5 e5 30. Nf3 Kf8 31. Rb1 Rc5 32. a6 Ke7 33. e4 Bb5 34.
Kg2 f6 35. Nd2 Bh6 36. Nf1 Kd6 37. Kf3 Rc3+ 38. Ne3 Bd3 39. Rd1 Kc5 40. Ra1 f5
41. exf5 gxf5 42. Kg2 Bxe3 43. fxe3 Rc2+ 44. Kg1 Kb4 45. e4 Kc3 46. exf5 Bxf5
47. Re1 Kd4 48. g4 Bd3 49. g5 e4 50. h4 e3 51. h5 Rc5 52. g6 Rg5+ 53. Kh2 Rxh5+
54. Kg3 Rg5+ 55. Kf4 Rf5+ 0-1

[Event "Ostravský koník 2014 - MÈR"]
[Site "Ostrava, CZE"]
[Date "2014.04.26"]
[Round "1"]
[White "Dobrovolský, Ladislav"]
[Black "Marek, Matyáš"]
[Result "1/2-1/2"]
[WhiteElo "2334"]
[BlackElo "2110"]
[PlyCount "93"]

1. Nf3 Nf6 2. b3 d6 3. d4 g6 4. Bb2 Bg7 5. g3 O-O 6. Bg2 c5 7. O-O Nc6 8. c4
cxd4 9. Nxd4 Bd7 10. Nc3 Ne8 11. e3 Nc7 12. Qd2 Rc8 13. Nd5 Nxd5 14. Bxd5 Nxd4
15. Bxd4 Bxd4 16. Qxd4 b6 17. Rfd1 Qc7 18. Qh4 Rce8 19. Qh6 e6 20. Rd4 f5 21.
Bg2 e5 22. Rd2 e4 23. Rad1 Rf6 24. Qf4 Re5 25. g4 Bc6 26. Bh3 g5 27. Qxg5+ Rg6
28. Qh4 fxg4 29. Bg2 Kg7 30. Rd4 Rh6 31. Qg3 Qe7 32. h3 Rg6 33. h4 h5 34. b4
Rf6 35. b5 Bb7 36. a4 Kg8 37. a5 Kf7 38. a6 Ba8 39. R4d2 Kg6 40. Rd4 Kg7 41.
R1d2 Kg6 42. Bf1 Kf7 43. Be2 Kf8 44. Bd1 Ke8 45. Be2 Kd8 46. Kf1 Rc5 47. Kg1
1/2-1/2

[Event "Ostravský koník 2014 - MÈR"]
[Site "Ostrava, CZE"]
[Date "2014.04.26"]
[Round "1"]
[White "Dobeš, Vojtìch"]
[Black "Sobek, Jaroslav"]
[Result "0-1"]
[WhiteElo "2103"]
[BlackElo "2327"]
[PlyCount "60"]

1. e4 c5 2. Nf3 d6 3. d4 cxd4 4. Nxd4 Nf6 5. Nc3 a6 6. Bg5 Nbd7 7. f4 Qb6 8.
Nb3 h6 9. Bxf6 Nxf6 10. f5 Bd7 11. Qf3 g5 12. fxg6 fxg6 13. Bd3 O-O-O 14. Nd5
Nxd5 15. exd5 Bg7 16. O-O-O a5 17. c3 a4 18. Nd4 a3 19. bxa3 Bxd4 20. cxd4 Kb8
21. Bc2 Rc8 22. Qb3 Bf5 23. Rd2 Qa5 24. Kd1 Bg4+ 25. Kc1 Rc3 26. Qb4 Qc7 27.
Kb2 Rc8 28. Bxg6 Rc1 29. Re1 Rxe1 30. Rc2 Re2 0-1

[Event "Ostravský koník 2014 - MÈR"]
[Site "Ostrava, CZE"]
[Date "2014.04.26"]
[Round "1"]
[White "Kraus, Tomáš"]
[Black "Kožúšek, Daniel"]
[Result "1-0"]
[WhiteElo "2326"]
[BlackElo "2098"]
[PlyCount "81"]

1. Nf3 d5 2. c4 c6 3. d4 Nf6 4. Nc3 e6 5. cxd5 exd5 6. Qc2 Be7 7. Bf4 Nbd7 8.
e3 Nh5 9. Bg3 Nxg3 10. hxg3 Nf6 11. Bd3 h6 12. O-O O-O 13. Rab1 Re8 14. b4 a6
15. a4 Bd6 16. b5 axb5 17. axb5 Bd7 18. bxc6 Bxc6 19. Bb5 Qd7 20. Rb3 Ra5 21.
Rfb1 Rc8 22. Qd3 Ne4 23. Bxc6 Qxc6 24. Nxe4 dxe4 25. Qd2 Rca8 26. Ne1 R8a7 27.
Rb6 Qd5 28. Qc2 Be7 29. Qc8+ Qd8 30. Qc2 Qd5 31. Qc8+ Qd8 32. Qc3 Qd5 33. Nc2
Bd8 34. R6b3 Ra4 35. Nb4 Qd6 36. Qc8 g6 37. Qg4 Ba5 38. Qc8+ Kg7 39. Nc2 b6 40.
Qe8 Rc4 41. Na3 1-0

[Event "Ostravský koník 2014 - MÈR"]
[Site "Ostrava, CZE"]
[Date "2014.04.26"]
[Round "1"]
[White "Koláø, Stanislav"]
[Black "Svatoš, Jan"]
[Result "0-1"]
[WhiteElo "2081"]
[BlackElo "2306"]
[PlyCount "68"]

1. e4 d5 2. e5 Bf5 3. d4 e6 4. Nf3 c5 5. c3 Nc6 6. Be2 Bg4 7. Nbd2 Nh6 8. O-O
Nf5 9. h3 Bxf3 10. Nxf3 cxd4 11. g4 Nh4 12. cxd4 Nxf3+ 13. Bxf3 Bb4 14. a3 Ba5
15. b4 Bb6 16. Be3 O-O 17. Qd2 f6 18. Bg2 fxe5 19. dxe5 Nxe5 20. Bxb6 Qxb6 21.
Qe2 Ng6 22. Rac1 Nf4 23. Qd2 Qa6 24. Rc7 Qxa3 25. Rxb7 Rac8 26. Re1 Rc4 27. Re3
Qa1+ 28. Kh2 Nxg2 29. Kxg2 Rc1 30. Rxe6 Rg1+ 31. Kh2 Rh1+ 32. Kg3 Qg1+ 33. Kh4
Rxh3+ 34. Kg5 h6+ 0-1

[Event "Ostravský koník 2014 - MÈR"]
[Site "Ostrava, CZE"]
[Date "2014.04.26"]
[Round "1"]
[White "Adámek, Jiøí"]
[Black "Maøíková, Jana"]
[Result "1-0"]
[WhiteElo "2301"]
[BlackElo "2079"]
[PlyCount "61"]

1. d4 Nf6 2. c4 g6 3. Nc3 Bg7 4. e4 d6 5. Nf3 O-O 6. h3 e5 7. d5 a5 8. g4 Na6
9. Be3 b6 10. Bd3 Nb4 11. Bb1 Nd7 12. Qd2 Nc5 13. Qe2 Bd7 14. Nd2 Kh8 15. h4 h6
16. a3 Nba6 17. Bc2 f5 18. exf5 gxf5 19. f3 c6 20. dxc6 Bxc6 21. Bxf5 d5 22.
cxd5 Bxd5 23. Nxd5 Qxd5 24. Be4 Nxe4 25. Nxe4 b5 26. Rd1 Qf7 27. O-O Nc7 28.
Rd6 Qe7 29. Bxh6 Qxh4 30. Kg2 Qe7 31. Rh1 1-0

[Event "Ostravský koník 2014 - MÈR"]
[Site "Ostrava, CZE"]
[Date "2014.04.26"]
[Round "1"]
[White "Didi, Jan"]
[Black "Obšivaè, Josef"]
[Result "1-0"]
[WhiteElo "2069"]
[BlackElo "2299"]
[PlyCount "49"]

1. e4 e6 2. d4 d5 3. Nd2 c5 4. c3 cxd4 5. cxd4 Nc6 6. Ngf3 dxe4 7. Nxe4 Bb4+ 8.
Bd2 Be7 9. Bc3 Nf6 10. Nxf6+ Bxf6 11. Bd3 Qd6 12. Qd2 h6 13. O-O O-O 14. Rad1
Rd8 15. Rfe1 Bd7 16. h4 a5 17. h5 Qd5 18. Ne5 Bg5 19. Qe2 Be8 20. Bc4 Qd6 21.
d5 exd5 22. Bxd5 Qc7 23. Qe4 a4 24. Nxc6 Bxc6 25. Qg6 1-0

[Event "Ostravský koník 2014 - MÈR"]
[Site "Ostrava, CZE"]
[Date "2014.04.26"]
[Round "1"]
[White "Sabol, Marian"]
[Black "Vacek, Antonín"]
[Result "1/2-1/2"]
[WhiteElo "2295"]
[BlackElo "2053"]
[PlyCount "100"]

1. e4 e6 2. d4 d5 3. e5 c5 4. c3 Qb6 5. Nf3 Bd7 6. Be2 Bb5 7. O-O Bxe2 8. Qxe2
Qa6 9. Qxa6 Nxa6 10. Be3 c4 11. b3 Rc8 12. Rc1 b5 13. b4 Nc7 14. a4 a5 15. axb5
Nxb5 16. Rxa5 Rb8 17. Rc2 Nh6 18. Rca2 Be7 19. Ra8 O-O 20. Rxb8 Rxb8 21. Bg5
Bxg5 22. Nxg5 Nf5 23. Nf3 h6 24. Kf1 Ne7 25. Ke2 Rb7 26. Kd2 Ra7 27. Rxa7 Nxa7
28. Kc2 Nb5 29. Kb2 Nc6 30. Na3 Nca7 31. Nd2 Nc7 32. Ndxc4 dxc4 33. Nxc4 f6 34.
exf6 gxf6 35. Ne3 Nd5 36. Nc2 Kf7 37. Kb3 Ke7 38. g3 f5 39. c4 Nf6 40. f3 h5
41. Ne3 Kd6 42. b5 Nc8 43. Kb4 Ne7 44. Ka5 Kc7 45. c5 Nfd5 46. Nc4 f4 47. gxf4
Nf5 48. Ka6 Nxd4 49. Ne5 Nb4+ 50. Ka5 Nd5 1/2-1/2

[Event "Ostravský koník 2014 - MÈR"]
[Site "Ostrava, CZE"]
[Date "2014.04.26"]
[Round "1"]
[White "Dostál, Radim"]
[Black "Malík, Jan"]
[Result "0-1"]
[WhiteElo "2043"]
[BlackElo "2289"]
[PlyCount "68"]

1. e4 c6 2. d4 d6 3. Nc3 Nf6 4. Bg5 Qa5 5. Qd2 b5 6. Bd3 Nbd7 7. f4 b4 8. Nce2
d5 9. e5 Ne4 10. Bxe4 dxe4 11. Ng3 Nb6 12. b3 f5 13. N1e2 Nd5 14. Nf1 Ba6 15.
Ne3 Nxe3 16. Qxe3 Qb5 17. Kf2 e6 18. Rhc1 c5 19. c4 bxc3 20. Nxc3 cxd4 21. Qxd4
Qb4 22. Qxb4 Bxb4 23. Na4 Bd2 24. Rc7 h6 25. Bh4 O-O 26. Nc5 Bxf4 27. Rd1 Bc8
28. Bg3 Bg5 29. Nd7 Rf7 30. h4 Bd8 31. Nb6 Bxc7 32. Nxa8 f4 33. Bh2 Bxe5 34.
Rc1 Bb7 0-1

[Event "Ostravský koník 2014 - MÈR"]
[Site "Ostrava, CZE"]
[Date "2014.04.26"]
[Round "1"]
[White "Sikorová, Olga"]
[Black "Richterová, Nataša"]
[Result "1-0"]
[WhiteElo "2288"]
[BlackElo "2034"]
[PlyCount "79"]

1. f4 d5 2. Nf3 Nf6 3. e3 c5 4. b3 Nc6 5. Bb5 a6 6. Bxc6+ bxc6 7. Ne5 Qc7 8.
Bb2 h5 9. Nc3 Bf5 10. Na4 e6 11. Ba3 Ng4 12. Nxg4 Bxg4 13. Qc1 Qa5 14. Qb2 f6
15. h3 Bf5 16. O-O-O c4 17. Bxf8 Rxf8 18. g4 Be4 19. Rh2 Rf7 20. Rg1 cxb3 21.
axb3 c5 22. Qc3 Qxc3 23. Nxc3 Bg6 24. f5 exf5 25. Nxd5 Rd8 26. Nf4 Bh7 27. gxh5
Re7 28. Rhg2 Rdd7 29. h4 Rb7 30. Nd5 Red7 31. c4 Kf8 32. Kb2 f4 33. Nxf4 Be4
34. Ne6+ Kg8 35. Nxc5 Bxg2 36. Rxg2 Kh7 37. Nxb7 Rxb7 38. c5 a5 39. Kc3 Rc7 40.
d4 1-0

[Event "Ostravský koník 2014 - MÈR"]
[Site "Ostrava, CZE"]
[Date "2014.04.26"]
[Round "1"]
[White "Hladík, Lumír"]
[Black "Olšarová, Karolína"]
[Result "0-1"]
[WhiteElo "2034"]
[BlackElo "2279"]
[PlyCount "68"]

1. e4 e5 2. Nf3 Nc6 3. Bb5 Nf6 4. O-O Nxe4 5. d4 Nd6 6. Bxc6 dxc6 7. dxe5 Nf5
8. Qxd8+ Kxd8 9. h3 h6 10. Nc3 Be6 11. Rd1+ Ke8 12. Nd4 Nxd4 13. Rxd4 Bf5 14.
Bf4 g5 15. Bh2 Bg7 16. Ne4 Rd8 17. Rxd8+ Kxd8 18. Nc5 Kc8 19. g4 Bxc2 20. Rc1
Bg6 21. h4 Re8 22. h5 Bh7 23. e6 fxe6 24. Rd1 Re7 25. b4 b6 26. Nb3 Be4 27. Rc1
Rd7 28. f4 Bf6 29. Kf2 Rd3 30. Re1 Rf3+ 31. Kg1 Bd5 32. fxg5 Bxg5 33. Be5 Rh3
34. Bh2 Rh4 0-1

[Event "Ostravský koník 2014 - MÈR"]
[Site "Ostrava, CZE"]
[Date "2014.04.26"]
[Round "1"]
[White "Holemáø, David"]
[Black "Mièulka, Petr"]
[Result "0-1"]
[WhiteElo "2269"]
[BlackElo "2017"]
[PlyCount "202"]

1. d4 Nf6 2. Nf3 g6 3. g3 Bg7 4. Bg2 O-O 5. O-O d5 6. c4 c6 7. Nc3 Bf5 8. cxd5
cxd5 9. Qb3 Qb6 10. Nxd5 Nxd5 11. Qxd5 Nc6 12. Qb3 Qxb3 13. axb3 Nxd4 14. Nxd4
Bxd4 15. Bxb7 Rab8 16. Bd5 Bc2 17. Ra4 Bf6 18. Rxa7 Bxb3 19. Bxb3 Rxb3 20. Rd1
Rc8 21. Kf1 Kg7 22. g4 h6 23. Rad7 Rc2 24. Ra7 Rc4 25. f3 Rc2 26. Kf2 Rxc1 27.
Rxc1 Bd4+ 28. Kg2 Bxa7 29. Rc7 Bb8 30. Rxe7 Rxb2 31. h3 g5 32. Kf2 Bd6 33. Re4
Bc5+ 34. Kg2 Rb6 35. Kf1 Kf6 36. Rc4 Be3 37. Re4 Re6 38. Rc4 Ke5 39. Rc7 Kf6
40. Rc4 Rb6 41. Re4 Re6 42. Rc4 Ke5 43. Rc7 f5 44. gxf5 Kxf5 45. h4 Bd4 46.
Rf7+ Bf6 47. Kf2 Kg6 48. Rc7 Bd4+ 49. Kf1 Kh5 50. Rc4 Be3 51. hxg5 hxg5 52. Rc8
Rb6 53. Rh8+ Kg6 54. Re8 Rb3 55. Kg2 Bf4 56. Kf1 Re3 57. Rf8 Re6 58. Kf2 Be3+
59. Kf1 Rf6 60. Re8 Bd4 61. Re4 Rd6 62. Re8 Kf5 63. Re4 Be5 64. Ra4 Rd1+ 65.
Kg2 Bd4 66. Ra8 Rg1+ 67. Kh2 Re1 68. Rf8+ Ke5 69. Kg3 Ke6 70. Re8+ Kf6 71. Re4
Bc5 72. Kg2 Kf5 73. Re8 Bd6 74. Kf2 Rb1 75. Rc8 Rb4 76. Rc6 Be5 77. Rc8 Rh4 78.
Rf8+ Ke6 79. Re8+ Kf6 80. Rf8+ Ke7 81. Rf5 Bf6 82. Ra5 Ke6 83. Ra6+ Kf5 84.
Ra5+ Be5 85. Kf1 Kf4 86. Kg2 Kf5 87. Kg1 Rh8 88. Ra4 Rd8 89. Kf2 Bd4+ 90. Kg3
Be3 91. Re4 Bf4+ 92. Kf2 g4 93. Re7 g3+ 94. Kg2 Rh8 95. e3 Rh2+ 96. Kg1 Bd6 97.
Rg7 Re2 98. e4+ Kf4 99. Rf7+ Ke3 100. Rf5 Bf4 101. e5 Kxf3 0-1

[Event "Ostravský koník 2014 - MÈR"]
[Site "Ostrava, CZE"]
[Date "2014.04.27"]
[Round "2"]
[White "Hausner, Ivan"]
[Black "Navara, David"]
[Result "0-1"]
[WhiteElo "2370"]
[BlackElo "2706"]
[PlyCount "68"]

1. d4 Nf6 2. c4 e6 3. g3 c5 4. d5 exd5 5. cxd5 b5 6. Bg2 d6 7. b4 Nbd7 8. Nc3
cxb4 9. Nxb5 Bb7 10. Nf3 Bxd5 11. O-O Be7 12. a3 Rb8 13. Nbd4 b3 14. Rb1 Nc5
15. Nd2 O-O 16. N2xb3 Bxg2 17. Kxg2 Qd7 18. Bd2 Nce4 19. f3 Nxd2 20. Qxd2 d5
21. Qa5 Rbc8 22. Nb5 Bd8 23. Qa6 Bb6 24. N5d4 Rc4 25. Rfd1 Ra4 26. Qb5 Rxa3 27.
Qxd7 Nxd7 28. Ra1 Rxa1 29. Rxa1 Rc8 30. Nb5 Rc2 31. Kf1 Rb2 32. N5d4 Ne5 33.
Ke1 Nc4 34. Kd1 Bxd4 0-1

[Event "Ostravský koník 2014 - MÈR"]
[Site "Ostrava, CZE"]
[Date "2014.04.27"]
[Round "2"]
[White "Hracek, Zbynek"]
[Black "Studnicka, Tomas"]
[Result "1/2-1/2"]
[WhiteElo "2633"]
[BlackElo "2374"]
[PlyCount "113"]

1. e4 c5 2. Nf3 Nc6 3. d4 cxd4 4. Nxd4 g6 5. c4 Nf6 6. Nc3 d6 7. f3 Nxd4 8.
Qxd4 Bg7 9. Be3 O-O 10. Qd2 Be6 11. Rc1 Qa5 12. b3 Rfc8 13. Be2 a6 14. Na4
Qxd2+ 15. Kxd2 Nd7 16. g4 h6 17. h3 Rab8 18. Nc3 Kf8 19. Nd5 Nc5 20. Rc2 Rd8
21. Nb6 Bd7 22. h4 Bc6 23. Rd1 Ne6 24. Ke1 g5 25. h5 Be5 26. b4 Nf4 27. Bf1 Ne6
28. Kf2 Nc7 29. Rb1 e6 30. a4 Be8 31. b5 f5 32. exf5 exf5 33. gxf5 Bxh5 34. Bd3
Bf7 35. Be4 Kg7 36. Rg1 Kf6 37. Rd2 axb5 38. axb5 d5 39. Nxd5+ Bxd5 40. Bxd5
Nxd5 41. cxd5 Kxf5 42. Rh1 Rh8 43. Bb6 Bd6 44. Bd4 Be5 45. Bxe5 Kxe5 46. d6
Rbd8 47. d7 Rh7 48. Re1+ Kf6 49. Rd6+ Kf5 50. Rd5+ Kf6 51. Rd6+ Kf5 52. Rde6
Rhxd7 53. R1e5+ Kf4 54. Re4+ Kf5 55. R4e5+ Kf4 56. Re4+ Kf5 57. R4e5+ 1/2-1/2

[Event "Ostravský koník 2014 - MÈR"]
[Site "Ostrava, CZE"]
[Date "2014.04.27"]
[Round "2"]
[White "Lechtynsky, Jiri"]
[Black "Rausis, Igors"]
[Result "1/2-1/2"]
[WhiteElo "2365"]
[BlackElo "2578"]
[PlyCount "26"]

1. d4 d5 2. c4 dxc4 3. e3 e5 4. Bxc4 exd4 5. exd4 Bd6 6. Nf3 Nf6 7. O-O O-O 8.
Bg5 Nc6 9. h3 h6 10. Bh4 Na5 11. Be2 Nc6 12. Bc4 Na5 13. Be2 Nc6 1/2-1/2

[Event "Ostravský koník 2014 - MÈR"]
[Site "Ostrava, CZE"]
[Date "2014.04.27"]
[Round "2"]
[White "Babula, Vlastimil"]
[Black "Kriebel, Tadeas"]
[Result "1/2-1/2"]
[WhiteElo "2553"]
[BlackElo "2366"]
[PlyCount "80"]

1. d4 d5 2. Nf3 Nf6 3. c4 e6 4. Nc3 Be7 5. Bg5 h6 6. Bh4 O-O 7. e3 Ne4 8. Bxe7
Qxe7 9. Rc1 c6 10. h4 Nd7 11. g4 Nxc3 12. Rxc3 g6 13. g5 h5 14. Bg2 dxc4 15.
Rxc4 e5 16. O-O Nb6 17. Rc5 exd4 18. Re5 Qd6 19. Qxd4 Qxd4 20. Nxd4 Nc4 21. Re7
Rd8 22. Rc1 Nxb2 23. Bf1 Kf8 24. Re4 Bd7 25. Rf4 c5 26. Rxc5 Rac8 27. Rd5 Kg7
28. Rf6 Na4 29. Rfd6 Nb6 30. Ra5 Rc1 31. Kg2 Bh3+ 32. Kxh3 Rxd6 33. Bg2 Nd7 34.
Rxa7 Nc5 35. Ra8 b6 36. Kh2 Ne6 37. Nxe6+ Rxe6 38. Bd5 Rd6 39. e4 Rd1 40. Ra7
R1xd5 1/2-1/2

[Event "Ostravský koník 2014 - MÈR"]
[Site "Ostrava, CZE"]
[Date "2014.04.27"]
[Round "2"]
[White "Svoboda, Svatopluk"]
[Black "Zilka, Stepan"]
[Result "0-1"]
[WhiteElo "2334"]
[BlackElo "2541"]
[PlyCount "168"]

1. e4 c5 2. Nf3 e6 3. d4 cxd4 4. Nxd4 Nc6 5. Nc3 Qc7 6. Be2 a6 7. Be3 Nf6 8.
O-O Bb4 9. Na4 O-O 10. Nxc6 bxc6 11. Nb6 Rb8 12. Nxc8 Rfxc8 13. Bxa6 Rf8 14.
Bd3 Bd6 15. g3 Be5 16. c4 Bxb2 17. Rb1 d6 18. Qd2 Ba3 19. Qc3 Ra8 20. Bb6 Qe7
21. Rb3 Nd7 22. Rxa3 Nxb6 23. e5 Nd7 24. exd6 Qxd6 25. Rxa8 Rxa8 26. Rd1 g6 27.
Be2 Qc7 28. Rd2 Nc5 29. Bf3 e5 30. Qb4 Ne6 31. Qd6 Qxd6 32. Rxd6 Rxa2 33. Rxc6
Ng5 34. Bd5 Nh3+ 35. Kg2 Nxf2 36. Rc7 Ne4+ 37. Kf3 Ng5+ 38. Kg4 Ne6 39. Bxe6
fxe6 40. h4 Rf2 41. Re7 Rf5 42. c5 h5+ 43. Kh3 Kf8 44. Rxe6 Kf7 45. Ra6 Rf2 46.
Rd6 Rf6 47. Rb6 Rf2 48. Rd6 Ra2 49. Rb6 Rc2 50. Ra6 Rxc5 51. Kg2 Rc3 52. Rb6
Rd3 53. Kf2 Rc3 54. Ra6 Rc4 55. Rb6 e4 56. Ra6 Rc2+ 57. Ke3 Rc3+ 58. Kf2 Rf3+
59. Kg2 Rf6 60. Ra4 Re6 61. Kf2 Kf6 62. Ra5 Re5 63. Ra6+ Kf5 64. Ke3 Rd5 65.
Rb6 Rd3+ 66. Kf2 Rf3+ 67. Kg2 Ke5 68. Rb5+ Kd4 69. Rb4+ Kd5 70. Ra4 Rc3 71. Kf2
Rc4 72. Ra6 Rc2+ 73. Ke3 Rc3+ 74. Kf2 Rc6 75. Ra8 Ke5 76. Ra7 Rf6+ 77. Ke2 Kf5
78. Ra5+ Kg4 79. Rg5+ Kh3 80. Ke1 e3 81. Kd1 Rf3 82. Rxg6 Rxg3 83. Rh6 Kxh4 84.
Ke2 Kg4 0-1

[Event "Ostravský koník 2014 - MÈR"]
[Site "Ostrava, CZE"]
[Date "2014.04.27"]
[Round "2"]
[White "Sobek, Jaroslav"]
[Black "Krejci, Jan"]
[Result "0-1"]
[WhiteElo "2327"]
[BlackElo "2518"]
[PlyCount "108"]

1. d4 Nf6 2. c4 e6 3. Nc3 Bb4 4. Nf3 b6 5. e3 Bb7 6. Bd3 O-O 7. O-O c5 8. Bd2
cxd4 9. Nxd4 Nc6 10. Nc2 Be7 11. e4 Ne5 12. Bf4 d6 13. h3 Rc8 14. Ne3 a6 15.
Rc1 Rc7 16. f3 Rd7 17. Be2 Ng6 18. Bg3 Nh5 19. Bf2 Bg5 20. Qb3 Bf4 21. Rc2 Qg5
22. Ncd1 Ng3 23. Re1 Nh4 24. Qxb6 Nxe2+ 25. Rexe2 Nxf3+ 26. Kh1 Bxe4 27. Rc3
Rb7 28. Qxa6 Nd4 29. Re1 Bxe3 30. Nxe3 Rxb2 31. Ng4 Rxf2 32. Rxe4 Rf1+ 33. Kh2
Nf3+ 34. Rxf3 Rxf3 35. gxf3 f5 36. Qxd6 fxe4 37. Qxe6+ Kh8 38. Qxe4 Rd8 39. Kg3
Qc1 40. Qe7 Qg1+ 41. Kh4 Qd4 42. c5 Rc8 43. c6 Qc4 44. f4 Qxc6 45. f5 Qe8 46.
Qb7 Rc5 47. Qf3 Qe7+ 48. Kg3 Qe1+ 49. Kg2 Rc2+ 50. Nf2 Rxa2 51. Qf4 h6 52. Qd4
Qd2 53. Qc5 Kh7 54. h4 Qf4 0-1

[Event "Ostravský koník 2014 - MÈR"]
[Site "Ostrava, CZE"]
[Date "2014.04.27"]
[Round "2"]
[White "Oral, Tomas"]
[Black "Freisler, Pavel"]
[Result "1-0"]
[WhiteElo "2515"]
[BlackElo "2357"]
[PlyCount "49"]

1. e4 e5 2. Nf3 Nc6 3. Bb5 Nf6 4. d3 d6 5. O-O g6 6. d4 exd4 7. e5 dxe5 8. Nxe5
Bd7 9. Re1 Be7 10. Bxc6 Bxc6 11. Bh6 Qd6 12. Nxc6 bxc6 13. Nd2 O-O-O 14. Qe2
Nd5 15. Qa6+ Kd7 16. Nc4 Qf6 17. Ne5+ Ke8 18. Qxc6+ Qxc6 19. Nxc6 Rd6 20. Nxd4
Kd7 21. Rad1 Rb8 22. c4 g5 23. Nf5 Re6 24. Rxd5+ Bd6 25. Red1 1-0

[Event "Ostravský koník 2014 - MÈR"]
[Site "Ostrava, CZE"]
[Date "2014.04.27"]
[Round "2"]
[White "Svatos, Jan"]
[Black "Hába, Petr"]
[Result "0-1"]
[WhiteElo "2306"]
[BlackElo "2498"]
[PlyCount "98"]

1. e4 c5 2. Nf3 Nc6 3. d4 cxd4 4. Nxd4 e6 5. Nc3 Qc7 6. g3 a6 7. Bg2 Nf6 8. O-O
Nxd4 9. Qxd4 Bc5 10. Bf4 d6 11. Qd2 h6 12. Rad1 e5 13. Be3 Be6 14. Bxc5 dxc5
15. Nd5 Bxd5 16. exd5 Qd6 17. f4 O-O 18. fxe5 Qxe5 19. c4 Qd6 20. Qf4 Ne8 21.
Qf2 a5 22. Be4 Nf6 23. Bb1 Rae8 24. Rde1 b6 25. a4 Rxe1 26. Rxe1 Re8 27. Rxe8+
Nxe8 28. Qf5 Kf8 29. Kf2 Qe7 30. b3 Nd6 31. Qf4 g5 32. Qf3 Qe5 33. Qd3 h5 34.
Qh7 Qd4+ 35. Ke2 Qe5+ 36. Kf2 h4 37. Bd3 Ke7 38. Qg8 h3 39. Qh7 Qc3 40. Ke2
Qe5+ 41. Kf3 Qd4 42. Ke2 Qb2+ 43. Bc2 g4 44. Kd1 Qd4+ 45. Ke2 Qg1 46. Qh4+ Ke8
47. Qxg4 Qxh2+ 48. Kd1 Qg1+ 49. Ke2 Qg2+ 0-1